| 000 | 02189cam a22005774i 4500 | ||
|---|---|---|---|
| 003 | PE-LiUPU | ||
| 005 | 20250731165506.0 | ||
| 008 | 150527s2014 ck a r 001 0 spa d | ||
| 020 | _a9789587622430 | ||
| 035 | _a(Sirsi) i9789587622430 | ||
| 040 |
_aPE-LiUPU _bspa _cPE-LiUPU _erda |
||
| 049 | _aPRUA | ||
| 082 | 0 | 4 |
_a006.76 _bG25 _221 |
| 100 | 1 |
_aGarcía Nieto, Juan Pablo, _eautor. |
|
| 245 | 1 | 0 |
_aConstruye tu web comercial : _bde la idea al negocio / _cJuan Pablo García Nieto. |
| 250 | _aPrimera edición. | ||
| 264 | 1 |
_aBogotá, Colombia : _bEdiciones de la U, _c2014. |
|
| 300 |
_a254 páginas : _bilustraciones ; _c25 centímetros |
||
| 336 |
_atext _2rdacontent |
||
| 337 |
_aunmediated _2rdamedia |
||
| 338 |
_avolume _2rdacarrier |
||
| 490 | 0 | _aMarketing | |
| 504 | _aÍndice alfabético : páginas 247-254. | ||
| 505 | 0 | _aPlanteamiento -- El producto mínimo viable -- Herramientas para definir -- La especificación funcional -- Contratando a un desarrollador -- Cómo contratar un servidor -- Cómo trabajar en tu ordenador (local) -- Un vistazo a la tecnología -- Difusión y control -- Mi experiencia. | |
| 526 | _aSEG44 | ||
| 526 | _aSEG26 | ||
| 526 | _aP151 | ||
| 526 | _aP150 | ||
| 526 | _aP149 | ||
| 526 | _aP146 | ||
| 526 | _aP145 | ||
| 526 | _aP126 | ||
| 526 | _aP125 | ||
| 526 | _aP92 | ||
| 526 | _aP75 | ||
| 526 | _aP74 | ||
| 526 | _aP27 | ||
| 526 | _aP15 | ||
| 541 | _g043-0014410; | ||
| 650 | 4 | _aDesarrollo de páginas web. | |
| 650 | 4 | _aDiseño de páginas web. | |
| 650 | 4 | _aPáginas web. | |
| 650 | 4 | _aSistemas de almacenamiento y recuperación de datos. | |
| 650 | 7 |
_aPáginas Web _xDiseño. _2embne |
|
| 910 |
_acce _bjvq _ccce _d20150527 |
||
| 942 |
_2ddc _cBOOK |
||
| 949 |
_a006.76 G25 _wDEWEY _c1 _i71447 _lCCODEBUL1 _mBUL _p20.00 _r0 _sY _tBOOK _u2015-5-27 _xINGENIERIA _PP27 _0COMPRA _o.STAFF. Colección General |
||
| 994 |
_aC0 _bPEPRU |
||
| 596 | _a1 | ||
| 999 |
_a006.76 G25 _wDEWEY _c24183 _i71447 _f2022-4-11 _g7 _lCCODEBUL1 _mBUL _p20.00 _q1 _r1 _sY _tBOOK _u2015-5-27 _xINGENIERIA _PP27 _0COMPRA _o.STAFF. Colección General _d24183 |
||
| 980 |
_81 _gALBERTO SANCHEZ Responsable de Automatización |
||